[Event "European Hybrid Qualification for the FIDE World Cup"]
[Site "?"]
[Date "2021.05.24"]
[Round "2.20.2"]
[White "Mica, Marek"]
[Black "Van Foreest, Lucas"]
[Result "1-0"]
[WhiteElo "2274"]
[BlackElo "2544"]
[BlackCountry "NED"]
[BlackFideId "1039792"]
[BlackTitle "GM"]
[WhiteCountry "CZE"]
[WhiteFideId "382884"]
[WhiteTitle "FM"]

1.d4 Nf6 2.Nf3 d5 3.c4 e6 4.g3 Be7 5.Bg2 O-O 6.O-O dxc4 7.Qc2 a6 8.a4 Bd7 
9.Qxc4 Bc6 10.Bg5 Bd5 11.Qc2 Be4 12.Qd1 h6 13.Bxf6 Bxf6 14.Nbd2 Bh7 15.Nb3
c6 16.Qc1 a5 17.Qc3 Nd7 18.Rfd1 Re8 19.Ne5 Be7 20.Nxa5 Qxa5 21.Nxd7 Red8 
22.Ne5 Qxc3 23.bxc3 Bc2 24.Rd2 Rxa4 25.Rxa4 Bxa4 26.Ra2 Ra8 27.Be4 Ra6 28.
Rb2 Ra7 29.Ra2 Ra6 30.Bd3 b5 31.c4 f6 32.Nd7 Kf7 33.c5 Ra7 34.Nb8 Rc7 35.
Be4 f5 36.Bf3 e5 37.Bxc6 exd4 38.Bd5+ Kf6 39.c6 Ke5 40.Bf3 Bd6 41.Nd7+ Ke6
42.Nb6 Ra7 43.Bd5+ Kf6 44.Nc8 Ke5 45.Bg8 Rc7 46.f4+ Kf6 47.Nxd6 Rxc6 48.
Nb7 Rc1+ 49.Kf2 g5 50.Bd5 gxf4 51.gxf4 Ke7 52.Rd2 Kd7 53.Rxd4 Kc7 54.Bf3 
1-0

[Event "European Hybrid Qualification for the FIDE World Cup"]
[Site "?"]
[Date "2021.05.24"]
[Round "2.24.4"]
[White "Subelj, Jan"]
[Black "Krejci, Jan"]
[Result "1/2-1/2"]
[WhiteElo "2439"]
[BlackElo "2540"]
[BlackCountry "CZE"]
[BlackFideId "322156"]
[BlackTitle "GM"]
[WhiteCountry "SLO"]
[WhiteFideId "14618583"]
[WhiteTitle "IM"]

1.c4 e6 2.Nf3 d5 3.e3 Nf6 4.Nc3 a6 5.b3 c5 6.cxd5 exd5 7.d4 cxd4 8.Nxd4 
Bb4 9.Bd2 O-O 10.Bd3 Bg4 11.Nce2 Bxe2 12.Qxe2 Bxd2+ 13.Qxd2 Nbd7 14.O-O 
Qb6 15.Rac1 Rfc8 16.Rc2 Rxc2 17.Qxc2 Qc5 18.Qxc5 Nxc5 19.Bf5 a5 20.Rc1 b6 
21.Rc2 Kf8 22.g3 g6 23.Bh3 Ke7 24.a3 Nfe4 25.Bf1 Nd6 26.Rb2 Rc8 27.Ne2 Ne6
28.Rd2 Rc5 29.b4 axb4 30.axb4 Rc4 31.Ra2 Rxb4 32.Nc3 Kf8 33.Nxd5 Rb1 34.
Ra8+ Kg7 35.Rb8 b5 36.Kg2 Rb3 37.h4 h5 38.Be2 Rb2 39.Bf1 Ne4 40.Rxb5 Rxf2+
41.Kg1 1/2-1/2

[Event "European Hybrid Qualification for the FIDE World Cup"]
[Site "?"]
[Date "2021.05.24"]
[Round "2.25.1"]
[White "Notkevich, Benjamin Arvola"]
[Black "Laznicka, Viktor"]
[Result "0-1"]
[WhiteElo "2466"]
[BlackElo "2647"]
[BlackCountry "CZE"]
[BlackFideId "316385"]
[BlackTitle "GM"]
[WhiteCountry "NOR"]
[WhiteFideId "1506536"]
[WhiteTitle "GM"]

1.d4 f5 2.c4 Nf6 3.Nc3 d6 4.Bg5 Nbd7 5.Qc2 g6 6.h4 c6 7.Nh3 e5 8.O-O-O h6 
9.dxe5 hxg5 10.hxg5 Ng4 11.exd6 Bg7 12.e4 Nc5 13.b4 Ne6 14.exf5 gxf5 15.
Qxf5 Bxc3 16.Qxg4 Qb6 17.c5 Qxb4 18.Qxb4 Bxb4 19.Bc4 Ba3+ 20.Kc2 Nxc5 21.
Nf4 Bf5+ 22.Kc3 Rxh1 23.Rxh1 Kd7 24.g4 Be4 25.Rh6 Bc1 26.Rf6 Bxf4 27.Rxf4 
Kxd6 28.Rf6+ Kc7 29.Kd4 b5 30.Kxc5 bxc4 31.Rf7+ Kc8 32.Re7 Bd5 33.Kd4 Rb8 
34.g6 Rb7 35.Rh7 Bg8 36.Rh6 Rd7+ 37.Kc3 Rd3+ 38.Kb4 c3 39.Rh1 c2 40.Rc1 
Rd4+ 41.Kc5 Rc4+ 42.Kd6 Bd5 43.g5 Kd8 44.g7 Ke8 45.g6 Rg4 46.Re1+ Kd8 47.
Re6 Bxe6 0-1

[Event "European Hybrid Qualification for the FIDE World Cup"]
[Site "?"]
[Date "2021.05.24"]
[Round "2.25.2"]
[White "Rasik, Vitezslav"]
[Black "Keymer, Vincent"]
[Result "1/2-1/2"]
[WhiteElo "2451"]
[BlackElo "2591"]
[BlackCountry "GER"]
[BlackFideId "12940690"]
[BlackTitle "GM"]
[WhiteCountry "CZE"]
[WhiteFideId "300306"]
[WhiteTitle "GM"]

1.e4 c5 2.Nf3 d6 3.Bb5+ Nd7 4.c3 Nf6 5.Bd3 g6 6.O-O Bg7 7.Bc2 Ne5 8.h3 O-O
9.d4 Nxf3+ 10.Qxf3 Qc7 11.d5 b5 12.a4 b4 13.c4 Ba6 14.Nd2 Nd7 15.Rb1 Rae8 
16.b3 e6 17.Qg3 Be5 18.Qh4 Qd8 19.Qxd8 Rxd8 20.Nf3 Bf6 21.Bh6 Rfe8 22.Rbd1
Ne5 23.Nxe5 Bxe5 24.Bg5 Rd7 25.Be3 Rdd8 26.Bg5 f6 27.Be3 exd5 28.exd5 Bc8 
29.Bd2 Kg7 30.f4 Bd4+ 31.Kh2 Be3 32.Kg3 Bxd2 33.Rxd2 Re3+ 34.Rf3 Re1 35.
Rd1 Re7 36.Kf2 Rde8 37.Bd3 Bf5 38.Bxf5 Re2+ 39.Kg3 gxf5 40.Rdd3 R8e4 41.
Rf2 Re1 42.Kf3 Kg6 43.Kg3 Rb1 44.Kf3 a5 45.Kg3 Kh5 46.Rdf3 Ree1 47.Rc2 Kg6
48.Rd3 Ra1 49.Kf2 Rf1+ 50.Kg3 Rfe1 51.Kf2 Reb1 52.Re2 Ra3 53.Ree3 Rb2+ 54.
Kg1 Kf7 55.Kh2 Raa2 56.Rg3 h5 57.h4 Rf2 58.Rdf3 Rfc2 59.Re3 Rab2 60.Rd3 
Rb1 61.Rde3 Rcc1 62.Rgf3 Rh1+ 63.Kg3 Rb2 64.Rd3 Ra1 65.Kh2 Rc1 66.Rde3 
Rcc2 67.Rg3 Rb1 68.Rgf3 Rcc1 69.Kg3 Rd1 70.Kh2 Rh1+ 71.Kg3 Rhc1 72.Kh2 Rb2
1/2-1/2

[Event "European Hybrid Qualification for the FIDE World Cup"]
[Site "?"]
[Date "2021.05.24"]
[Round "2.25.4"]
[White "Bethke, Richard"]
[Black "Polak, Tomas"]
[Result "0-1"]
[WhiteElo "2332"]
[BlackElo "2553"]
[BlackCountry "CZE"]
[BlackFideId "300560"]
[BlackTitle "GM"]
[WhiteCountry "GER"]
[WhiteFideId "12959243"]
[WhiteTitle "FM"]

1.e4 c6 2.d4 d5 3.e5 Bf5 4.h4 Qb6 5.g4 Bd7 6.Nc3 e6 7.f4 c5 8.Nf3 cxd4 9.
Nxd4 Nc6 10.Be3 Nxd4 11.Qxd4 Qa5 12.O-O-O Ne7 13.Qc5 Qxc5 14.Bxc5 h5 15.
Nb5 Bxb5 16.Bxb5+ Nc6 17.Bf2 hxg4 18.h5 a6 19.Be2 f5 20.exf6 gxf6 21.Bxg4 
f5 22.Bf3 Bh6 23.Be3 Rg8 24.Rhg1 Kf7 25.c4 Rxg1 26.Rxg1 Ne5 27.cxd5 Nxf3 
28.dxe6+ Ke7 29.Rg6 Rh8 30.Bc5+ Ke8 31.Kd1 Bxf4 32.Rg7 Ng5 33.Rxb7 Rh6 34.
e7 Rc6 35.Ba3 Bd6 36.h6 Bxa3 37.h7 Nxh7 38.bxa3 Nf6 0-1

[Event "European Hybrid Qualification for the FIDE World Cup"]
[Site "?"]
[Date "2021.05.24"]
[Round "2.28.4"]
[White "Kalezic, Blazo"]
[Black "Plat, Vojtech"]
[Result "1/2-1/2"]
[WhiteElo "2456"]
[BlackElo "2556"]
[BlackCountry "CZE"]
[BlackFideId "325740"]
[BlackTitle "GM"]
[WhiteCountry "MNE"]
[WhiteFideId "921815"]
[WhiteTitle "IM"]

1.e4 c5 2.Nf3 Nc6 3.Nc3 g6 4.d4 cxd4 5.Nxd4 Bg7 6.Be3 Nf6 7.Bc4 Qa5 8.O-O 
O-O 9.Bb3 d6 10.h3 Bd7 11.Re1 Rac8 12.Qe2 Nxd4 13.Bxd4 Bc6 14.Rad1 Nd7 15.
Bxg7 Kxg7 16.f4 Qc5+ 17.Kh2 b5 18.Rd2 b4 19.Nd5 e6 20.Ne3 Bxe4 21.Qg4 
1/2-1/2

[Event "European Hybrid Qualification for the FIDE World Cup"]
[Site "?"]
[Date "2021.05.24"]
[Round "2.29.4"]
[White "Ioannidis, Evgenios"]
[Black "Babula, Vlastimil"]
[Result "1/2-1/2"]
[WhiteElo "2411"]
[BlackElo "2559"]
[BlackCountry "CZE"]
[BlackFideId "301264"]
[BlackTitle "GM"]
[WhiteCountry "GRE"]
[WhiteFideId "4229274"]
[WhiteTitle "IM"]

1.d4 Nf6 2.c4 e6 3.Nf3 b6 4.g3 Bb7 5.Bg2 Be7 6.O-O O-O 7.d5 exd5 8.Nh4 c6 
9.cxd5 Nxd5 10.Nf5 Nc7 11.Bf4 d5 12.e4 Nba6 13.Nc3 Ne6 14.exd5 Nxf4 15.
gxf4 cxd5 16.Nxd5 Bxd5 17.Qxd5 Rb8 18.Qb5 Nc7 19.Qc4 b5 20.Qc2 Bb4 21.Rad1
Qf6 22.Nd4 Qxf4 23.Nc6 Bd6 24.Rxd6 Qxd6 25.Rd1 Qf4 26.Rd4 Qf6 27.Rd7 Ne6 
28.Nxb8 Rxb8 29.Rxa7 g6 30.Qc3 Qg5 31.Kf1 b4 32.Qe3 Nf4 33.Bc6 Qf5 34.Be4 
Qb5+ 35.Kg1 Qg5+ 36.Kf1 Qb5+ 37.Kg1 Qg5+ 38.Kf1 Qb5+ 1/2-1/2

[Event "European Hybrid Qualification for the FIDE World Cup"]
[Site "?"]
[Date "2021.05.24"]
[Round "2.32.1"]
[White "Finek, Vaclav"]
[Black "Lagarde, Maxime"]
[Result "1/2-1/2"]
[WhiteElo "2361"]
[BlackElo "2638"]
[BlackCountry "FRA"]
[BlackFideId "662399"]
[BlackTitle "GM"]
[WhiteCountry "CZE"]
[WhiteFideId "23718293"]
[WhiteTitle "FM"]

1.d4 e6 2.c4 b6 3.g3 Bb7 4.Nf3 Bb4+ 5.Nc3 Bxf3 6.exf3 Nf6 7.Bg2 Nc6 8.O-O 
Bxc3 9.bxc3 Na5 10.Qd3 O-O 11.Re1 d6 12.f4 Rc8 13.Be3 c6 14.Rab1 d5 15.
cxd5 exd5 16.f5 Re8 17.Bf3 Rc7 18.Bf4 Rce7 19.Rxe7 Qxe7 20.Rb2 Qe1+ 21.Kg2
Nc4 22.Rb1 Qe7 23.Rc1 Qd7 24.g4 Ne4 25.Re1 Ned6 26.Re2 f6 27.h3 Re7 28.Kf1
Qe8 29.Rxe7 Qxe7 30.Qe2 Kf8 31.Qxe7+ Kxe7 32.Ke2 a5 1/2-1/2

[Event "European Hybrid Qualification for the FIDE World Cup"]
[Site "?"]
[Date "2021.05.24"]
[Round "3.1.3"]
[White "Zwardon, Vojtech"]
[Black "Smirin, Ilia"]
[Result "0-1"]
[WhiteElo "2466"]
[BlackElo "2595"]
[BlackCountry "ISR"]
[BlackFideId "2801990"]
[BlackTitle "GM"]
[WhiteCountry "CZE"]
[WhiteFideId "325511"]
[WhiteTitle "IM"]

1.c4 e5 2.g4 Nc6 3.Bg2 h5 4.gxh5 Nf6 5.Nc3 Nxh5 6.d3 Nf4 7.Bxf4 exf4 8.Qd2
g5 9.h4 Bg7 10.hxg5 Qxg5 11.Nf3 Qxg2 12.Rg1 Bxc3 13.Qxc3 Qh3 14.Kd2 Rf8 
15.Rh1 Qf5 16.b4 d6 17.Rh8 Ne5 18.Rah1 Qf6 19.Rxf8+ Kxf8 20.Nd4 Bd7 21.c5 
Ke7 22.b5 dxc5 23.Qxc5+ Qd6 24.Qc3 Rg8 25.Rh5 f6 26.Rh7+ Kd8 27.a4 Kc8 28.
a5 Kb8 29.Rh1 Rd8 30.Rc1 c6 31.a6 cxb5 32.axb7 b4 33.Qa1 Kxb7 34.Rb1 Ka8 
35.Qa5 Rb8 36.Qa1 b3 37.Ke1 Qb4+ 38.Kf1 b2 39.Rxb2 Qxb2 0-1

[Event "European Hybrid Qualification for the FIDE World Cup"]
[Site "?"]
[Date "2021.05.24"]
[Round "3.17.2"]
[White "Delchev, Aleksander"]
[Black "Kriebel, Tadeas"]
[Result "1/2-1/2"]
[WhiteElo "2501"]
[BlackElo "2527"]
[BlackCountry "CZE"]
[BlackFideId "330027"]
[BlackTitle "IM"]
[WhiteCountry "BUL"]
[WhiteFideId "2900394"]
[WhiteTitle "GM"]

1.f4 Nf6 2.Nf3 g6 3.g3 Bg7 4.Bg2 O-O 5.O-O d6 6.d3 e5 7.e4 Nc6 8.Nc3 exf4 
9.Bxf4 Bg4 10.Qd2 d5 11.e5 Nh5 12.Bg5 Qd7 13.d4 Nd8 14.Bh6 c6 15.Ne2 Ne6 
16.h3 Bxf3 17.Bxf3 Bxh6 18.Qxh6 Nhg7 19.Bg4 Qe7 20.c3 f6 21.exf6 Rxf6 22.
Rxf6 Qxf6 23.Rf1 Qg5 24.Qxg5 Nxg5 25.h4 Ne4 26.Kg2 Rf8 27.Rxf8+ Kxf8 28.
Nf4 Ke7 29.Nd3 Ne6 30.Kf3 Nd6 31.Bxe6 Kxe6 32.g4 h6 33.Kf4 Nc4 34.Nc5+ Kf6
35.g5+ hxg5+ 36.hxg5+ Ke7 37.Nxb7 Nxb2 38.Na5 Kd6 39.Nb7+ Kc7 40.Nc5 Kd6 
41.Nb7+ Kc7 42.Nc5 Kd6 1/2-1/2

[Event "European Hybrid Qualification for the FIDE World Cup"]
[Site "?"]
[Date "2021.05.24"]
[Round "3.20.2"]
[White "Mica, Marek"]
[Black "Van Foreest, Lucas"]
[Result "1-0"]
[WhiteElo "2274"]
[BlackElo "2544"]
[BlackCountry "NED"]
[BlackFideId "1039792"]
[BlackTitle "GM"]
[WhiteCountry "CZE"]
[WhiteFideId "382884"]
[WhiteTitle "FM"]

1.d4 g6 2.c4 Bg7 3.Nf3 d6 4.Nc3 e5 5.e4 Nc6 6.Bg5 Nge7 7.d5 Nd4 8.Nxd4 
exd4 9.Nb5 c6 10.Nxd4 Qb6 11.Nb3 Bxb2 12.Rb1 Bc3+ 13.Bd2 Bxd2+ 14.Qxd2 a5 
15.Qc3 Qb4 16.Kd2 O-O 17.Bd3 f5 18.f3 fxe4 19.Bxe4 Bf5 20.Bxf5 Rxf5 21.
dxc6 Nxc6 22.Nd4 Qxc3+ 23.Kxc3 Nxd4 24.Kxd4 Rc8 25.Rhc1 Rc7 26.Rb6 Rf4+ 
27.Kd3 d5 28.c5 Ra4 29.Rc2 Rd7 30.Rd6 Rxd6 31.cxd6 Kf7 32.Re2 Ra3+ 33.Kd4 
Ra4+ 34.Kxd5 Ra3 35.Kd4 Ra4+ 36.Kc5 Ra3 37.Kb6 Rd3 38.Kc7 b5 39.d7 Rc3+ 
40.Kd8 Rd3 41.Re7+ Kf6 42.Ke8 1-0

[Event "European Hybrid Qualification for the FIDE World Cup"]
[Site "?"]
[Date "2021.05.24"]
[Round "3.25.1"]
[White "Notkevich, Benjamin Arvola"]
[Black "Laznicka, Viktor"]
[Result "0-1"]
[WhiteElo "2466"]
[BlackElo "2647"]
[BlackCountry "CZE"]
[BlackFideId "316385"]
[BlackTitle "GM"]
[WhiteCountry "NOR"]
[WhiteFideId "1506536"]
[WhiteTitle "GM"]

1.d4 d5 2.c4 c6 3.Nf3 Nf6 4.Nc3 a6 5.c5 g6 6.Bf4 Nh5 7.Bd2 Nf6 8.Bf4 Nh5 
9.Bd2 Bg7 10.e3 Nd7 11.Be2 O-O 12.O-O Qc7 13.Rc1 Re8 14.h3 Nhf6 15.b4 e5 
16.dxe5 Nxe5 17.Nxe5 Qxe5 18.Bd3 Bf5 19.Bxf5 Qxf5 20.Qf3 Qg5 21.Rfd1 Qh4 
22.a3 Re5 23.Be1 Rae8 24.Rd4 Qh6 25.Rdd1 g5 26.Ne2 Ne4 27.Ng3 Qg6 28.Nxe4 
Rxe4 29.Bc3 Bxc3 30.Rxc3 h5 31.Rcd3 Kg7 32.Rd4 h4 33.Rxe4 Rxe4 34.Rd4 Rxd4
35.exd4 Qb1+ 36.Kh2 Kg6 37.Qe3 Qf5 38.Kg1 Qb1+ 39.Kh2 Qf5 40.Kg1 g4 41.
hxg4 Qxg4 42.Kh2 Qf5 43.f3 Kh5 44.Kh1 Kg6 45.Qe8 Qf4 46.Qg8+ Kf6 47.Qd8+ 
Kg7 48.Qd7 Qxd4 49.Qxb7 Qa1+ 50.Kh2 Qe5+ 51.Kh1 d4 52.Qxa6 Qe1+ 53.Kh2 
Qg3+ 54.Kh1 h3 55.gxh3 Qxh3+ 56.Kg1 Qg3+ 57.Kh1 Qxf3+ 58.Kh2 d3 59.Qc4 
Qf2+ 60.Kh3 d2 61.Qg4+ Kf6 62.Qd1 Qe1 63.Qf3+ Ke5 64.Qc3+ Ke4 65.Qc4+ Ke3 
66.Qc3+ Kf2 67.Qf6+ Ke2 68.Qe5+ Kd3 69.Qd6+ Kc2 0-1

[Event "European Hybrid Qualification for the FIDE World Cup"]
[Site "?"]
[Date "2021.05.24"]
[Round "3.25.2"]
[White "Rasik, Vitezslav"]
[Black "Keymer, Vincent"]
[Result "0-1"]
[WhiteElo "2451"]
[BlackElo "2591"]
[BlackCountry "GER"]
[BlackFideId "12940690"]
[BlackTitle "GM"]
[Termination "time forfeit"]
[WhiteCountry "CZE"]
[WhiteFideId "300306"]
[WhiteTitle "GM"]

1.e4 c5 2.Nf3 d6 3.Bb5+ Nd7 4.c3 a6 5.Ba4 Nf6 6.Qe2 b5 7.Bc2 Bb7 8.d4 e6 
9.O-O Be7 10.Nbd2 Qc7 11.Bd3 O-O 12.Re1 Rfc8 13.Nf1 b4 14.cxb4 cxd4 15.
Nxd4 Ne5 16.Ng3 Qb6 17.Nc2 d5 18.Be3 Qc6 19.Nd4 Qd7 20.a3 dxe4 21.Bc2 Nd3 
22.Red1 Nxb2 23.Rd2 Nc4 24.Rdd1 Qe8 25.Bg5 e3 26.Bxe3 Nxe3 27.fxe3 Nd5 28.
Qd3 g6 29.Bb3 Rc3 30.Qd2 Bg5 31.Ne4 Bxe3+ 32.Qxe3 Rxe3 33.Bxd5 Qb8 34.Bxb7
Qxb7 35.Nc5 Qc7 36.Nf3 Rd8 37.Rac1 Rxd1+ 38.Rxd1 Rxa3 39.Rd7 Qf4 40.Nd3 
Qe3+ 0-1

[Event "European Hybrid Qualification for the FIDE World Cup"]
[Site "?"]
[Date "2021.05.24"]
[Round "4.1.3"]
[White "Smirin, Ilia"]
[Black "Zwardon, Vojtech"]
[Result "1/2-1/2"]
[WhiteElo "2595"]
[BlackElo "2466"]
[BlackCountry "CZE"]
[BlackFideId "325511"]
[BlackTitle "IM"]
[WhiteCountry "ISR"]
[WhiteFideId "2801990"]
[WhiteTitle "GM"]

1.e4 c5 2.Nf3 Nc6 3.Bb5 g6 4.O-O Bg7 5.c3 Nf6 6.e5 Nd5 7.d4 cxd4 8.cxd4 d6
9.Nc3 dxe5 10.Nxe5 Nxc3 11.bxc3 Bxe5 12.Bxc6+ bxc6 13.dxe5 O-O 14.Bh6 Re8 
15.Qxd8 Rxd8 16.Rfd1 Be6 17.Rxd8+ Rxd8 18.h3 a5 19.a4 Bb3 20.Kh2 f6 21.
exf6 exf6 22.Be3 Ra8 23.Bb6 Ra6 24.Bc7 Kf7 25.Rb1 Bc2 26.Rb6 Ra8 27.Rxc6 
Rc8 28.Rc5 Bxa4 29.Rxa5 1/2-1/2

[Event "European Hybrid Qualification for the FIDE World Cup"]
[Site "?"]
[Date "2021.05.24"]
[Round "4.17.2"]
[White "Kriebel, Tadeas"]
[Black "Delchev, Aleksander"]
[Result "1-0"]
[WhiteElo "2527"]
[BlackElo "2501"]
[BlackCountry "BUL"]
[BlackFideId "2900394"]
[BlackTitle "GM"]
[WhiteCountry "CZE"]
[WhiteFideId "330027"]
[WhiteTitle "IM"]

1.e4 c6 2.d4 d5 3.e5 c5 4.Nf3 Bg4 5.Bb5+ Nd7 6.c4 e6 7.cxd5 exd5 8.Nc3 a6 
9.Be2 Nb6 10.O-O h6 11.Be3 c4 12.b3 Bb4 13.Rc1 Ba3 14.Rb1 Bf5 15.bxc4 Bxb1
16.Nxb1 Be7 17.c5 Nd7 18.Qb3 Bg5 19.Qxd5 Ne7 20.Qxb7 Bxe3 21.fxe3 Qb8 22.
Qe4 O-O 23.Bd3 g6 24.Qh4 Re8 25.Qxh6 Nf8 26.Ng5 1-0

[Event "European Hybrid Qualification for the FIDE World Cup"]
[Site "?"]
[Date "2021.05.24"]
[Round "4.20.2"]
[White "Van Foreest, Lucas"]
[Black "Mica, Marek"]
[Result "1-0"]
[WhiteElo "2544"]
[BlackElo "2274"]
[BlackCountry "CZE"]
[BlackFideId "382884"]
[BlackTitle "FM"]
[WhiteCountry "NED"]
[WhiteFideId "1039792"]
[WhiteTitle "GM"]

1.e4 e6 2.Nf3 d5 3.e5 c5 4.b4 b6 5.c3 Ne7 6.d4 Nf5 7.a3 a5 8.b5 Nd7 9.Bd3 
Nh4 10.Ng5 Be7 11.Qg4 h6 12.Nh3 g6 13.O-O c4 14.Bc2 Nf8 15.Qe2 a4 16.Nd2 
Bd7 17.f4 h5 18.Rb1 Ra5 19.g3 Nf5 20.Nf3 Rxb5 21.Rxb5 Bxb5 22.Kg2 Nh7 23.
Nhg5 Qd7 24.h3 Bc6 25.Nxh7 Rxh7 26.Ng5 Bxg5 27.fxg5 h4 28.Bxf5 gxf5 29.g4 
fxg4 30.Qxg4 Kd8 31.g6 fxg6 32.Bg5+ Kc7 33.Rf8 Rf7 34.Rd8 Qxd8 35.Bxd8+ 
Kxd8 36.Qxe6 Rc7 37.Qg8+ Kd7 38.e6+ Ke7 39.Qg7+ Kd8 40.Qf8+ Be8 41.Qd6+ 
Kc8 42.Qxb6 Rb7 43.Qc5+ Rc7 44.Qf8 Kd8 45.Qf6+ Kc8 46.Qh8 Re7 47.Qf6 Rc7 
48.Kf3 Rb7 49.Qf8 Kd8 50.Qd6+ Kc8 51.Kg4 Rc7 52.Kxh4 Rh7+ 53.Kg3 Rc7 54.
Qxd5 Bc6 55.Qe5 Re7 56.d5 Bd7 57.exd7+ Kxd7 58.Qd4 1-0

[Event "European Hybrid Qualification for the FIDE World Cup"]
[Site "?"]
[Date "2021.05.24"]
[Round "4.25.1"]
[White "Laznicka, Viktor"]
[Black "Notkevich, Benjamin Arvola"]
[Result "1-0"]
[WhiteElo "2647"]
[BlackElo "2466"]
[BlackCountry "NOR"]
[BlackFideId "1506536"]
[BlackTitle "GM"]
[WhiteCountry "CZE"]
[WhiteFideId "316385"]
[WhiteTitle "GM"]

1.d4 Nf6 2.c4 e6 3.Nf3 b6 4.g3 Ba6 5.Nbd2 Be7 6.e4 d5 7.cxd5 Bxf1 8.Kxf1 
exd5 9.e5 Ne4 10.Kg2 O-O 11.Qc2 Nxd2 12.Bxd2 c5 13.h4 Nc6 14.dxc5 bxc5 15.
Ng5 g6 16.Nxh7 Nd4 17.Qd3 Kxh7 18.h5 Kg8 19.hxg6 f5 20.Rh7 Bg5 21.f4 Qe8 
22.fxg5 Qxe5 23.Re1 Qd6 24.Ree7 Qxg6 25.Rh6 1-0

[Event "European Hybrid Qualification for the FIDE World Cup"]
[Site "?"]
[Date "2021.05.24"]
[Round "4.25.2"]
[White "Keymer, Vincent"]
[Black "Rasik, Vitezslav"]
[Result "1-0"]
[WhiteElo "2591"]
[BlackElo "2451"]
[BlackCountry "CZE"]
[BlackFideId "300306"]
[BlackTitle "GM"]
[WhiteCountry "GER"]
[WhiteFideId "12940690"]
[WhiteTitle "GM"]

1.d4 Nf6 2.c4 g6 3.g3 Bg7 4.Bg2 O-O 5.Nc3 d6 6.Nf3 Nc6 7.O-O e5 8.dxe5 
Nxe5 9.Nxe5 dxe5 10.Qxd8 Rxd8 11.Bg5 Rd4 12.Be3 Rd7 13.Nb5 Ng4 14.Bc5 Bf8 
15.Bxf8 Kxf8 16.c5 c6 17.Nd6 f5 18.e4 Re7 19.Bh3 Be6 20.exf5 gxf5 21.Rae1 
f4 22.gxf4 Rg7 23.Bg2 Bd5 24.f3 exf4 25.fxg4 Rxg4 26.Rf2 f3 27.Ref1 Ke7 
28.Rxf3 Bxf3 29.Rxf3 Rag8 30.Rf2 b6 31.Nf5+ Kd7 32.Nh6 1-0

[Event "European Hybrid Qualification for the FIDE World Cup"]
[Site "?"]
[Date "2021.05.24"]
[Round "5.20.2"]
[White "Mica, Marek"]
[Black "Van Foreest, Lucas"]
[Result "1/2-1/2"]
[WhiteElo "2274"]
[BlackElo "2544"]
[BlackCountry "NED"]
[BlackFideId "1039792"]
[BlackTitle "GM"]
[WhiteCountry "CZE"]
[WhiteFideId "382884"]
[WhiteTitle "FM"]

1.d4 f5 2.Nf3 Nf6 3.c4 e6 4.g3 Be7 5.Bg2 d6 6.O-O O-O 7.Nc3 Ne4 8.Qc2 Nxc3
9.Qxc3 Nc6 10.b4 Bf6 11.b5 Ne7 12.Bb2 Ng6 13.Qb3 Qe8 14.e3 e5 15.a4 Rb8 
16.a5 Qf7 17.Qb4 f4 18.dxe5 dxe5 19.exf4 exf4 20.Bxf6 Qxf6 21.Rad1 Bg4 22.
Rd3 Rbd8 23.Rxd8 Rxd8 24.Qb3 c6 25.a6 bxa6 26.bxa6 Bxf3 27.Qxf3 Ne5 28.
Qxf4 Qxf4 29.gxf4 Nxc4 30.Rc1 Na5 31.Bxc6 Nb3 32.Rc3 Nd4 33.Kg2 Kf7 34.Bf3
Ne6 35.f5 Nf8 36.Kg3 Kf6 37.Kf4 Rd4+ 38.Be4 Rd6 39.Bd3 g5+ 40.Ke3 Nd7 41.
f4 gxf4+ 42.Kxf4 Nb6 43.Be4 Na4 44.Rc7 Rxa6 45.Rxh7 Rb6 46.Rh6+ Kg7 47.
Rxb6 Nxb6 48.h4 Nd7 49.h5 Nf6 50.Bf3 Kh6 51.Ke5 Nh7 52.Ke6 Ng5+ 53.Ke7 
Nxf3 54.f6 Ng5 55.Kd6 Kxh5 56.Kc5 Kg6 57.Kb5 Kxf6 58.Ka6 1/2-1/2